| 000 | 01155nam a22003137a 4500 | ||
|---|---|---|---|
| 001 | BR7604285 | ||
| 003 | BR-BrBNA | ||
| 005 | 20230928085058.0 | ||
| 007 | ta | ||
| 008 | 230509b bl.||||| |||| 00| 0 por d | ||
| 040 |
_aBR-BrBNA _bpor _cBiblioteca Nacional de Agricultura |
||
| 041 | _a(Por) | ||
| 072 |
_aE30; E50 _b/G514 |
||
| 090 | _ E30 BR7604285 | ||
| 110 | 1 |
_aEmpresa de Assistencia Tecnica e Extensao Rural do Estado do Maranhao, Sao Luis (Brasil) _94038 |
|
| 245 | 1 | _aProjetos finalisticos baixa renda. INAN-EMBRATER [Instituto Nacional de Alimentacao e Nutricao, Empresa Brasileira de Assistencia Tecnica e Extensao Rural, Brasil] | |
| 260 | 3 |
_aSao Luis, MA (Brasil): _c1976. |
|
| 300 | _a108 p. | ||
| 500 | _a8 graphs; 2 Maps 14x22cm. (*) Documento disponível na(o) Empresa de Assistencia Tecnica e Extensao Rural do Estado do Maranhao, Sao Luis (Brazil) | ||
| 650 | _aPROJETO DE COLONIZACAO | ||
| 650 | _aPROJETO DE DESENVOLVIMENTO | ||
| 650 | _aAGRICULTOR | ||
| 650 | _aBAIXA RENDA | ||
| 650 | _aPRODUTIVIDADE | ||
| 650 | _aSOCIOLOGIA RURAL | ||
| 650 | _aMARANHAO | ||
| 909 |
_a202309 _bLucia _c55 _dLucia Elande |
||
| 942 | _cBK | ||
| 999 |
_c22691 _d22691 |
||